A hand-book to the birds of Great Britain.

Saved in:
Bibliographic Details
Main Author: Sharpe, Richard Bowdler, 1847-1909.
Format: Book
Language:English
Published: London, E. Lloyd, Limited, 1896-97.
Series:Lloyd's natural history
Subjects:
Tags: Add Tag
No Tags, Be the first to tag this record!
LEADER 00938nam a2200265I 4500
001 005392204-2
005 20020606163548.3
008 851119m18961897enkaf 000 0 eng c
010 |a a 33003157  
035 0 |a ocm12819874 
040 |a Stanford Univ.  |c CTB  |d HMZ 
043 |a e-uk--- 
050 4 |a QL690.G7  |b S5 
090 |a QL690  |b .S532 
100 1 |a Sharpe, Richard Bowdler,  |d 1847-1909. 
245 1 2 |a A hand-book to the birds of Great Britain.  |c By R. Bowdler Sharpe ... 
260 |a London,  |b E. Lloyd, Limited,  |c 1896-97. 
300 |a 4 v.  |b illus., CXXIV (i.e. 128) col. pl. (incl. fronts.)  |c 19 cm. 
490 0 |a Lloyd's natural history 
500 |a Series title also at head of t.-p. 
650 0 |a Birds  |z Great Britain. 
650 2 |a Birds. 
776 0 8 |i Online version:  |a Sharpe, Richard Bowdler, 1847-1909.  |t Hand-book to the birds of Great Britain.  |d London, E. Lloyd, 1896-97  |w (OCoLC)614948754 
988 |a 20020608 
906 |0 OCLC